00324 a2200145 450000100060000002000150000604000370002110000270005824000230008524500180010830000070012636200090013344000130014265000230015572358 a8526242156 cAnchieta - Colégio São Paulo aBraz, Júlio Emílio10aPretinha, eu?lpor10aPretinha, eu? a630 a2002 1aScipione 4aLiteratura juvenil